000 00302nam a22001337a 4500
008 171130b xxu||||| |||| 00| 0 eng d
020 _a9780774807784
041 _aeng
080 _a32
100 _a19
101 _aPOL
245 _aREBUILDING CANADIAN PARTY POLITICS
_cCARTY,R.K
942 _2udc
_cBK
999 _c38626
_d38626